Oldest countries in the world - Statistics

General Stats
  • This quiz has been taken 1,210 times
  • The average score is 5 of 7
Answer Stats
Hint Answer % Correct
221 BCE China
92%
3500 BC Egypt
89%
660 BCE Japan
83%
3000 BC Greece
82%
843 CE France
65%
301 CE San Marino
41%
1000 CE Hungary
17%
No matching quizzes found
Score Distribution
Percent of People with Each Score
Percentile by Number Answered
Your Score History
You have not taken this quiz